| 000 | 00926nam a2200301 i 4500 | ||
|---|---|---|---|
| 001 | 77546 | ||
| 003 | ES-MaACL | ||
| 005 | 20230906173252.0 | ||
| 007 | t| | ||
| 008 | 041020s2004 sp ||||1| spa d | ||
| 020 | _a84-8460-360-1 | ||
| 080 | _a159.943-053.2 | ||
| 080 | _a37.06 | ||
| 080 | _a316.62-057.874 | ||
| 100 | 1 |
_aRodríguez, Nora. _998288 |
|
| 245 | 1 | 0 |
_aGuerra en las aulas _b: cómo tratar a los chicos violentos y a los que sufren sus abusos / _cNora Rodríguez. |
| 250 | _a1ª ed. | ||
| 260 |
_aMadrid : _bTemas de Hoy, _c2004. |
||
| 300 |
_a198 p. ; _c24 cm. |
||
| 490 | 1 | _aVivir mejor | |
| 500 | _aEn la cub., además: De los 4 a los 16 años. | ||
| 650 | 1 | 4 |
_aAgresividad en niños. _99669 |
| 650 | 1 | 4 |
_aViolencia en la escuela. _917820 |
| 650 | 1 | 4 |
_aEscolares- _xConducta social. _912367 |
| 830 | 0 |
_aVivir mejor _9183557 |
|
| 852 |
_aES-MaACL _jL-28300 _bR.134295 |
||
| 999 |
_c77546 _d77546 |
||